Incidencia del fallo "Intercop SRL" sobre el régimen de ejecución fiscal de las provincias (Registro nro. 20052)

Detalles MARC
000 -LEADER
fixed length control field 00372 a2200109 4500
001 - CONTROL NUMBER
control field ART_42386
005 - DATE AND TIME OF LATEST TRANSACTION
control field 20260410161755.0
008 - FIXED-LENGTH DATA ELEMENTS--GENERAL INFORMATION
fixed length control field 260409a
100 1# - MAIN ENTRY--PERSONAL NAME
Personal name Sequeira, Marcos A.
245 10 - TITLE STATEMENT
Title Incidencia del fallo "Intercop SRL" sobre el régimen de ejecución fiscal de las provincias
773 0# - HOST ITEM ENTRY
Title Doctrina tributaria
Related parts - Nº 366 (sep. 2010)
Record control number REV4296

No hay ítems disponibles.